Contemporary multivariate analysis and design of experiments

Αποθηκεύτηκε σε:
Λεπτομέρειες βιβλιογραφικής εγγραφής
Άλλοι συγγραφείς: Fan, Jianqing (Επιμελητής έκδοσης), Li, Gang 1963- (Επιμελητής έκδοσης)
Μορφή: Βιβλίο
Γλώσσα:English
Δημοσίευση: New Jersey : World Scientific, c2005
Σειρά:Series in biostatistics ; ; 2
Θέματα:
Ετικέτες: Προσθήκη ετικέτας
Δεν υπάρχουν, Καταχωρήστε ετικέτα πρώτοι!

MARC

LEADER 00000nam a2200000 i 4500
001 1/76620
008 080304s2005 eng d
020 |a 981-256-120-X 
035 |l 10095233 
040 |a GR-MY-UA  |b gre  |e aacr 
041 0 |a eng 
082 0 |a 519.535  |2 (22) 
245 1 0 |a Contemporary multivariate analysis and design of experiments /  |c edited by Jianqing Fan, Gang Li 
260 |a New Jersey :   |b World Scientific,   |c c2005 
300 |a xi, 455 σ.;  |b εικ. (μερικές έγχρ.);  |c 24 εκ. 
490 1 |a Series in biostatistics  |v ; 2 
500 |a "in celebration of Prof. Kai-Tai Fang's 65th birthday"--Cover. 
504 |a Περιέχει βιβλιογραφικές παραπομπές και ευρετήρια 
650 0 0 |a Multivariate analysis. 
700 1 |a Fang, Kai-Tai.  |4 oth 
700 1 |a Fan, Jianqing.  |4 edt 
700 1 |a Li, Gang  |d 1963-  |4 edt 
830 0 |a Series in biostatistics ;  |v ; 2 
852 |a INST  |b SAMOS  |e 20080304  |h 519.535 CON  |p 005300026773  |q 005300026773  |t BK  |y 0 
901 |a BIBL3-2008-1 
909 |a Σ  |b 142357 
922 |a 3ΕΛΗ  |b 200711  |c ΕΠΕΑΕΚ2/ΤΣΑΕ  |d ΕΛΕΥΘΕΡΟΥΔΑΚΗΣ 
970 |a ΡΟΥΣΣΟΥ  |b ΚΩΝΣΤΑΝΤΙΝΑ  |z 2008/03/04